| 000 | 01152cam a2200301 4500500 | ||
|---|---|---|---|
| 005 | 20260111080426.0 | ||
| 041 | _afre | ||
| 042 | _adc | ||
| 100 | 1 | 0 |
_aAllemand, Frédéric _eauthor |
| 700 | 1 | 0 |
_aSauvage, Amélie _eauthor |
| 245 | 0 | 0 | _aLa mutualisation des dettes européennes implique nécessairement un renforcement de la discipline budgétaire |
| 260 | _c2020. | ||
| 500 | _a99 | ||
| 690 | _aagence européenne de la dette | ||
| 690 | _aBanque centrale européenne (BCE) | ||
| 690 | _abanque européenne d’investissement (BEI) | ||
| 690 | _aclause d’action collective (CAC) | ||
| 690 | _adette publique | ||
| 690 | _ainstrument budgétaire de convergence et de compétitivité (IBCC) | ||
| 690 | _aMécanisme européen de stabilité (MES) | ||
| 690 | _amutualisation | ||
| 690 | _apacte de stabilité et de croissance | ||
| 690 | _arestructuration | ||
| 690 | _aSBBS | ||
| 690 | _aUnion européenne | ||
| 786 | 0 | _nGestion & Finances Publiques | 4 | 4 | 2020-09-21 | p. 37-42 | 1969-1009 | |
| 856 | 4 | 1 | _uhttps://droit.cairn.info/revue-gestion-et-finances-publiques-2020-4-page-37?lang=fr&redirect-ssocas=7080 |
| 999 |
_c1616302 _d1616302 |
||